Ak niečo stratíš

Bibliographic Details
Main Author: Robinson, Tammy (Author)
Other Authors: Buntová, Zdenka, 1951- (Translator)
Format: Book
Language:Slovak
English
PhysicalDescription:350 strán 21 cm
Published: Bratislava Ikar 2022
ISBN:9788055183855
Subjects:

MARC

LEADER 00000cam a2200000 4500
001 vtls012144331
003 SK-MaSNL
005 20260301055832.0
008 220720s2022 xo er 000 f slo
015 |a SNBA2022/11 
020 |a 9788055183855  |q (viazané)  |z 9788055183435 
040 |a SNK  |b slo  |c SNK  |e rda 
041 1 |a slo  |h eng 
044 |a xo  |c SK 
072 7 |a 821.111  |x Anglická literatúra, anglicky písaná  |2 konskpekt 
080 |a 821.111(931)-31  |2 2011 
080 |a (0:82-312.5)  |2 2011 
100 1 |a Robinson, Tammy  |4 aut  |9 370095 
240 1 0 |a Back to you  |l Slovensky 
245 1 0 |a Ak niečo stratíš  |c Tammy Robinsonová ; preložila Zdenka Buntová 
264 1 |a Bratislava  |b Ikar  |c 2022 
300 |a 350 strán  |c 21 cm 
336 |a text  |b txt  |2 rdacontent 
337 |a bez média  |b n  |2 rdamedia 
338 |a zväzok  |b nc  |2 rdacarrier 
500 |a Preložené z angličtiny 
500 |a Obsahuje stručné biografické údaje o autorke na záložke 
655 7 |a novozélandské romány  |2 SNKPH  |9 118318 
655 7 |a ľúbostné romány  |2 SNKPH  |9 70497 
655 7 |a New Zealand fiction  |2 SNKPHeng  |9 313524 
655 7 |a Love novels  |2 SNKPHeng  |9 277756 
700 1 |a Buntová, Zdenka,  |d 1951-  |4 trl  |9 216805 
919 |a 978-80-551-8385-5 
954 |a beletria cudzojazyčná (svetová)  |2 lita 
958 |a LX 
958 |a UP 
968 |b ENG 
999 |c 614266  |d 616196 
952 |a SNK  |b SNK  |y PREZ  |7 0  |p 17A1494843  |o snkSC 199693  |i snk2022/16321  |8 0  |0 0  |1 0  |4 0  |d 2022-10-26  |f 1  |l 0  |r 2025-10-22 00:00:00  |w 2026-02-23 
952 |a SNK  |b SNK  |y PREZ  |7 0  |p 17A1494844  |o snkSC 199693 D1  |i snk2022/16322  |8 0  |0 0  |1 0  |4 0  |d 2022-10-26  |l 0  |r 2026-02-23 16:34:02  |w 2026-02-23